1052 1063 1491 1770 1399 1738 1886 1725 1092 1663 1350 1490 1416 1342 1678 1779 1664 1806 1141 1458 1029 1709 1152 1730 1528 1774 1564 1750 1155 1481 1995 1563 1102 1813 1944 1786 1468 1890 1928 1866 1011 1335 1903 1555 1175 1891 1295 1829 1824 1643 1913 1741 1923 1001 1249 1305 1506 1836 1725 1466 1426 1070 1812 1120 1541 1402 1191 1835 1774 1964 1703 1284 1909 1617 1511 1534 1440 1659 1504 1888 1542 1498 1433 1847 1168 1229 1078 1078 1633 1621 1779 1081 1759 1471 1519 1308 1648 1794 1139 BCNSPRNW ULIB Ver.6.0+V

เปลี่ยนเป็นภาษาไทย

Change to English
 แสดงรายละเอียดบรรณานุกรม
  กลับหน้าหลัก

Brief Record : Get Marc (ISO 2709) : E-mail record : QR code < ปิดหน้าต่าง
LEADER : 00000nam 2200000uu 4500
001    13399128412
003     ULIB
008    230815s2565||||th 000 0 tha d
020    ^a9789740340942
060 04 ^aQZ4^bศ169พ
100 0  ^aศราวุธ ปาลิโภชน์
245 10 ^aพยาธิวิทยาพื้นฐาน :^bสำหรับนักศึกษาหลักสูตรวิทยาศาสตร์สุขภาพ = Basicpathology : for health science students /^cศราวุธ ปาลิโภชน์
246 31 ^aBasic pathology :^bfor health science students
250    ^aพิมพ์ครั้งที่ 1
260    ^aกรุงเทพฯ :^bสำนักพิมพ์จุฬาลงกรณ์มหาวิทยาลัย,^c2565
300    ^aก-จ, 218 หน้า :^bภาพประกอบ ;^c27 ซม.
504    ^aมีบรรณานุกรมและดัชนี
505 2  ^aการปรับตัว การบาดเจ็บ และการตายของเซลล์ --การอักแสบเฉียบพลันและเรื้อรัง -- การซ่อมแซมเนื้อเยื่อ --ความผิดปกติของระบบไหลเวียนเลือด -- พยาธิวิทยาของเนื้องอกและมะเร็ง -- การบาดเจ็บจากปัจจัยทางกายภาพและพยาธิวิทยาสิ่งแวดล้อม --พยาธิวิทยาพื้นฐานของโรคติดเชื้อ
591    ^aLIRV มีพิมพ์ครั้งที่ 2 พ.ศ. 2565
650  2 ^aPathology
650  4 ^aพยาธิวิทยา
945    ^p380^l0^i010119
945    ^p380^l0^i010120
999    ^aประนอม เกษจรัล
รายการนี้ยังไม่มีแท็ก
คุณยังไม่ได้ล็อกอิน คุณสามารถมีกิจกรรมร่วมกับเว็บไซต์ได้ แต่ต้องล็อกอินก่อน ::
  ล็อกอิน

รายการสื่อสารสนเทศ

ลำดับที่ ประเภท เลขเรียก/บาร์โค้ด สถานที่ สถานะ
1. วิทยาศาสตร์การแพทย์ และสุขภาพ
หนังสือสำรอง
สถานะ=หนังสือสำรอง
QZ4 ศ169พ ฉ.1 
  Barcode: 010119
ห้องสมุดวิทยาเขตสวรรค์ประชารักษ์
►หนังสือทั่วไป
ถูกยืม กำหนดส่งวันที่ 15 พฤษภาคม 2569
  จอง
2. วิทยาศาสตร์การแพทย์ และสุขภาพ
วิทยาศาสตร์การแพทย์ และสุขภาพ
QZ4 ศ169พ ฉ.2 
  Barcode: 010120
ห้องสมุดวิทยาเขตสวรรค์ประชารักษ์
►หนังสือทั่วไป
บนชั้น

รายการใกล้เคียง
    ผู้แต่ง [ศราวุธ ปาลิโภชน์]

    หัวเรื่อง [Pathology]
    หัวเรื่อง [พยาธิวิทยา]

BibComment


ยังไม่เคยถูกคอมเมนท์

คอมเมนท์ทรัพยากรรายการนี้
  คอมเมนท์: พยาธิวิทยาพื้นฐา..


 Copyright 2026. Bcnsprnw @Library